Science, technology and social change: A book of readings (Record no. 691366)

MARC details
000 -LEADER
fixed length control field 00775nam a2200241Ia 4500
003 - CONTROL NUMBER IDENTIFIER
control field OSt
005 - DATE AND TIME OF LATEST TRANSACTION
control field 20250604144002.0
008 - FIXED-LENGTH DATA ELEMENTS--GENERAL INFORMATION
fixed length control field 220926b |||||||| |||| 00| 0 eng d
037 ## - SOURCE OF ACQUISITION
Terms of availability Reference Collections
040 ## - CATALOGING SOURCE
Original cataloging agency RTL
Transcribing agency RTL
Language of cataloging eng
041 ## - LANGUAGE CODE
Source of code eng
Language code of text/sound track or separate title eng
084 ## - COLON CLASSIFICATION NUMBER
Classification number A0gF M0/SC
Assigning agency RTL
100 ## - MAIN ENTRY--PERSONAL NAME
Personal name Agashe S. D. and others
9 (RLIN) 371129
245 #2 - TITLE STATEMENT
Title Science, technology and social change: A book of readings
260 ## - PUBLICATION, DISTRIBUTION, ETC.
Place of publication, distribution, etc. Bombay
Name of publisher, distributor, etc. University of Bombay
Date of publication, distribution, etc. 1980
300 ## - PHYSICAL DESCRIPTION
Extent xiii, 381 p.
650 ## - SUBJECT ADDED ENTRY--TOPICAL TERM
Topical term or geographic name entry element Scientific method
9 (RLIN) 231124
650 ## - SUBJECT ADDED ENTRY--TOPICAL TERM
Topical term or geographic name entry element Technology - development
9 (RLIN) 811732
700 ## - ADDED ENTRY--PERSONAL NAME
Personal name Gupta, Amitabha
700 ## - ADDED ENTRY--PERSONAL NAME
Personal name Valicha, Kishore
9 (RLIN) 580229
942 ## - ADDED ENTRY ELEMENTS (KOHA)
Classification part A0gF M0/SC
Koha item type Reference
Source of classification or shelving scheme Colon Classification (CC)
Suppress in OPAC No
Holdings
Withdrawn status Lost status Source of classification or shelving scheme Damaged status Not for loan Home library Current library Date acquired Total Checkouts Full call number Barcode Date last seen Price effective from Koha item type
    Colon Classification (CC)     Ratan Tata Library Ratan Tata Library 2022-09-27   "A0gF M0/SC" RT1148806 2022-09-27 2022-09-27 Reference
Copyright @ Delhi University Library System